Fourier series /

Guardado en:
Autor Principal: Rogosinski, Werner, 1894-
Formato: Libro
Idioma:English
German
Publicado: New York : Chelsea, c1950.
Etiquetas: Agregar Etiqueta
Sin Etiquetas, Sea el primero en etiquetar este registro!
LEADER 00603nam a22001815a 4500
001 MAT.inmabb000446
008 031125s1950####nyu###########000#0#eng#d
005 20130324155738.0
245 1 0 |a Fourier series /  |c by Werner Rogosinski ; translated by Harvey Cohn and F. Steinhardt. 
260 |a New York :  |b Chelsea,  |c c1950. 
300 |a vi, 176 p. ;  |c 17 cm. 
500 |a Translation of: Fouriersche Reihen (Sammlung Göschen, 1930). 
510 4 |a MR,  |c 11,347e 
100 1 |a Rogosinski, Werner,  |d 1894- 
084 |a 42  |2 msc2000 
010 |a  50006214  
041 1 |a eng  |h ger 
859 |h 42  |i R735  |p A-1910  |b BIB. MATEMATICA